[Event "V. Korchnoy Memorial 2018"]
[Site "St. Petersburg"]
[Date "2018.08.20"]
[Round "6"]
[White "Chigaev, Maksim"]
[Black "Tsydypov, Zhamsaran"]
[Result "1/2-1/2"]
[WhiteElo "2577"]
[BlackElo "2520"]
[Annotator "TA"]
[PlyCount "81"]
[EventDate "2018.08.15"]
[EventType "swiss"]
[EventCountry "RUS"]
[SourceTitle "playchess.com"]
[Source "ChessBase"]
[SourceQuality "1"]

{[%evp 18,81,29,33,36,39,57,56,64,54,52,41,79,20,28,0,0,0,0,0,0,0,0,0,0,0,0,0,0,-24,-18,-17,0,-20,-14,-18,-10,-7,0,0,0,0,0,-13,0,-11,0,-7,-7,-7,-7,-7,-7,-25,-25,-25,0,0,0,0,0,0,0,0,0,0]} 1. e4 e5 2. Nf3 Nc6 3. Bb5 {[%cal Bf1b5,Bb5a4,Ba4b3,Bb3d5][%mdl 32]} a6 4. Ba4 Nf6 5. d3 b5 6. Bb3 Bc5 7. Nc3 h6 {C77: Ruy Lopez: 3...a6 4 Ba4 Nf6, unusual lines} 8. Nd5 d6 9. c3 (9. O-O O-O 10. Be3 Bxe3 11. fxe3 Na5 12. Nxf6+ Qxf6 13. Bd5 c6 14. Nd4 Qg5 15. Nxc6 Nxc6 16. Bxc6 Qxe3+ {½-½ (32) Anand,V (2760)-Mamedyarov,S (2808) Stavanger 2018}) 9... Bb7 10. O-O {LiveBook: 4 Games} Nxd5 11. Bxd5 Bb6 12. Be3 O-O 13. a4 Bxe3 14. fxe3 Na5 $146 {[#]} ({Predecessor:} 14... Rb8 15. axb5 axb5 {1-0 (56) Wei,Y (2580)-Tin,J (2160) Tagaytay City 2013}) 15. axb5 (15. b4 $1 $16 {[%cal Rb4a5]} Bxd5 16. exd5) 15... axb5 $11 16. Bxb7 Nxb7 17. Rxa8 Qxa8 18. Nh4 Qd8 19. Nf5 Kh7 20. d4 (20. Ng3 {with more complications.} Qd7 21. d4 Na5 22. Qd3 Nc4 23. b3) 20... Na5 21. Qe2 (21. Qd3 {keeps more tension.} c6 22. Ra1 g6 23. Nxd6 Nb3 24. Nb7) 21... g6 22. Ng3 c6 {[%cal Bc7c6,Bc6c5][%mdl 32]} 23. Ra1 Kg7 24. Nf1 Qb6 25. Nd2 c5 26. Nf3 Nc6 27. Qf2 b4 (27... Qb7 {seems wilder.} 28. h3 f6 29. Rf1 c4 30. Nd2 h5) 28. Rf1 bxc3 29. bxc3 cxd4 30. exd4 (30. cxd4 {keeps more tension.} exd4 31. exd4 f5 32. Re1 fxe4 33. Rxe4 Rf7 34. Qg3) 30... exd4 (30... Qa5 {looks sharper.} 31. Nh4 Qd8 32. h3 Qe7 33. Qg3 Kh7) 31. Nxd4 (31. cxd4 {is interesting.} f5 32. Re1 fxe4 33. Rxe4 Rf7 34. Qg3) 31... Nxd4 32. cxd4 {[%mdl 4096] Endgame KQR-KQR} Qd8 33. h3 Qe7 34. Re1 Rc8 35. e5 dxe5 36. dxe5 Qc5 37. Qxc5 {The position is equal.} Rxc5 38. e6 {[#] aiming for e7.} fxe6 39. Rxe6 Rc2 40. Ra6 h5 41. Ra1 {Precision: White = 56%, Black = 68%.} 1/2-1/2

[Event "V. Korchnoy Memorial 2018"]
[Site "St. Petersburg"]
[Date "2018.08.20"]
[Round "6"]
[White "Pridorozhni, Aleksei"]
[Black "Apryshko, Gleb"]
[Result "1-0"]
[WhiteElo "2564"]
[BlackElo "2377"]
[Annotator "TA"]
[PlyCount "71"]
[EventDate "2018.08.15"]
[EventType "swiss"]
[EventCountry "RUS"]
[SourceTitle "playchess.com"]
[Source "ChessBase"]
[SourceQuality "1"]

{[%evp 18,71,70,65,79,75,64,67,66,62,89,84,94,61,74,73,77,25,31,14,54,64,33,26,43,44,56,56,65,76,368,367,352,220,220,225,235,142,335,340,321,307,295,272,585,583,601,593,938,942,1066,648,670,645,870,732]} 1. e4 g6 2. d4 Bg7 3. Nc3 d6 4. Be3 a6 5. Nf3 Nd7 6. Bd3 {B06: Moderne Verteidigung} e6 7. a4 (7. O-O Ne7 8. Ne2 h6 9. Ng3 b6 10. c3 Bb7 11. a4 Kf8 12. Re1 Kg8 13. b4 Kh7 {1-0 (40) Grischuk,A (2750)-Rapport,R (2698) chess.com INT 2017}) 7... b6 8. Qd2 h6 9. O-O Bb7 10. Rfe1 {LiveBook: 3 Partien} Ne7 11. h3 c5 12. Rad1 Qc7 13. Bf1 $146 ({Vorgänger:} 13. dxc5 Nxc5 14. Bd4 e5 {½-½ (42) Kieffer,J (2108)-Manakov,I (2347) Bayern 2015}) 13... g5 14. a5 bxa5 15. d5 e5 16. Qd3 {[%mdl 1024] Weiss hat starke Kompensation.} O-O {[#]} 17. g4 (17. Nd2 $1 $16) 17... Ng6 $11 18. Ne2 Nf4 19. Qa3 Nf6 20. Ng3 Rfb8 {[%cal Bf8b8,Bb8b4,Bb4d4][%mdl 32]} 21. Nd2 {[%cal Bf3d2,Bd2c4,Bc4a5,Ba5b3][%mdl 32]} Bc8 22. Nc4 Rb4 23. Nxa5 Nxe4 $2 {[%mdl 8192] [#]} (23... Bd7 $16 24. b3 h5) 24. Bxf4 $1 $18 Nxf2 25. Bd2 ({Schwächer ist} 25. Kxf2 gxf4 26. Nh5 f5 $16) 25... Nxd1 26. Rxd1 Rd4 27. Nb3 Bxg4 $2 (27... Rf4 $16) 28. hxg4 Rxg4 29. Nc1 c4 30. Be2 c3 $2 (30... Qd7 31. Rf1 Rd4) 31. Bxg4 {Weiß steht klar auf Gewinn.} Qb6+ 32. Kg2 cxb2 33. Nb3 e4 34. c3 e3 35. Be1 a5 36. Qxb2 {Precision: Weiß = 79%, Schwarz = 38%.} 1-0

[Event "V. Korchnoy Memorial 2018"]
[Site "St. Petersburg"]
[Date "2018.08.20"]
[Round "6"]
[White "Vavulin, Maksim"]
[Black "Hamitevici, Vladimir"]
[Result "1-0"]
[WhiteElo "2545"]
[BlackElo "2502"]
[Annotator "TA"]
[PlyCount "93"]
[EventDate "2018.08.15"]
[EventType "swiss"]
[EventCountry "RUS"]
[SourceTitle "playchess.com"]
[Source "ChessBase"]
[SourceQuality "1"]

{[%evp 18,93,49,22,49,15,29,12,27,40,53,47,100,63,83,80,73,25,31,23,59,79,82,47,33,31,119,115,141,88,92,62,68,68,88,94,93,98,147,146,152,167,331,339,331,123,104,118,149,159,240,233,293,294,283,293,281,284,391,322,473,477,593,405,508,462,708,708,708,547,639,625,795,787,975,988,1234,1216]} 1. e4 c6 2. d4 d5 3. Nc3 dxe4 4. Nxe4 Nf6 5. Nxf6+ exf6 6. c3 Bd6 7. Bd3 O-O 8. Qc2 Re8+ {B15: Caro-Kann: 3 Nc3: 3...g6 and 3...dxe4 4 Nxe4 Nf6 5 Nxf6+ exf6} 9. Ne2 h5 (9... g6 10. h4 Nd7 11. h5 Nf8 12. Be3 Be6 13. O-O-O a5 14. Kb1 a4 15. hxg6 fxg6 16. c4 Bf7 17. Nc3 a3 18. b3 f5 {0-1 (29) Saric,I (2669)-Jobava,B (2690) Riadh 2017}) 10. Be3 {LiveBook: 22 Games} Be6 {The position is equal.} 11. c4 Na6 12. a3 $1 Nc7 $146 ({Predecessor:} 12... Qa5+ 13. Bd2 Nb4 14. Bxb4 Bxb4+ 15. Kf1 Bf8 16. h4 Rad8 {0-1 (34) Guliyev,N (2547)-Moussard,J (2570) Orsay 2018}) 13. O-O h4 14. h3 b5 (14... g6 $14) 15. b3 a5 16. d5 cxd5 17. cxb5 {Threatens to win with b6.} (17. c5 {is interesting.} Be5 18. Nd4 Bd7 19. c6 Bc8 20. Rfd1) 17... Qd7 18. Qc6 Qxc6 19. bxc6 Bc8 20. Nd4 Ba6 21. Rfd1 g6 (21... Ne6 $14) 22. a4 $1 $16 Reb8 23. Rab1 ({Better is} 23. Bxa6 Rxa6 24. Rac1) 23... f5 24. Nf3 f4 25. Bd4 Ne6 26. Bf6 Rb6 27. Rbc1 Ba3 {Strongly threatening ...Bxd3.} 28. Rc2 Bxd3 29. Rxd3 Nc5 $2 (29... Bc5 30. Rxd5 (30. Bxh4 Rxc6 31. Rxd5 Rac8 $16) 30... Rxc6) 30. Rxd5 $18 {And now c7 would win.} Rxc6 31. Bd4 $2 ({Weaker is} 31. Bxh4 f6 $18) (31. Be7 $18 {is more deadly.}) 31... Rac8 $16 32. Ne5 R6c7 {[#]} 33. Nc4 $1 $36 {[%cal Rc4a3][%mdl 2048] Black is under strong pressure.} Ne6 {[#]} (33... Bb4 $16 {was called for.}) 34. Be5 $1 $18 {[%cal Re5c7]} Rc5 35. Nxa3 Rxc2 36. Nxc2 Rxc2 37. Rxa5 {[%mdl 4096] Endgame KRB-KRN} Rc1+ 38. Kh2 Kh7 (38... g5 $142 39. Bf6 Rb1 40. Bxg5 Rxb3 41. Ra8+ Kg7) 39. Ra7 Rc5 40. Bd6 Rd5 {[#]} 41. Bxf4 $1 {[%mdl 512] White is clearly winning.} g5 (41... Rd3 $142 42. Rxf7+ Kg8) (41... Nxf4 42. Rxf7+) 42. Be3 Kg6 43. Re7 Rd6 44. b4 f5 45. a5 f4 46. Bb6 Ng7 47. Re1 {Precision: White = 65%, Black = 24%.} 1-0

[Event "V. Korchnoy Memorial 2018"]
[Site "St. Petersburg"]
[Date "2018.08.20"]
[Round "6"]
[White "Levin, Evgeny A"]
[Black "Karasev, Vladimir I"]
[Result "1-0"]
[WhiteElo "2523"]
[BlackElo "2334"]
[Annotator "ChessBase"]
[PlyCount "49"]
[EventDate "2018.08.15"]
[EventType "swiss"]
[EventCountry "RUS"]
[SourceTitle "playchess.com"]
[Source "ChessBase"]
[SourceQuality "1"]
[TimeControl "5400+30"]

1. d4 {[%emt 0:08:23]} Nf6 {[%emt 0:00:00]} 2. c4 {[%emt 0:00:04]} e6 {[%emt 0:00:00]} 3. Nf3 {[%emt 0:00:22]} d5 {[%emt 0:00:00]} 4. Nc3 {[%emt 0:00:17]} Bb4 {[%emt 0:00:39]} 5. e3 {[%emt 0:00:35]} O-O {[%emt 0:01:53]} 6. Bd3 {[%emt 0:00:10]} c5 {[%emt 0:02:35]} 7. cxd5 {[%emt 0:00:26]} exd5 {[%emt 0:01:58]} 8. dxc5 {[%emt 0:01:08]} Nc6 {[%emt 0:01:06]} 9. O-O {[%emt 0:00:26]} Bxc5 {[%emt 0:00:31]} 10. h3 {[%emt 0:00:49]} Re8 {[%emt 0:01:30]} 11. b3 {[%emt 0:01:15]} a6 {[%emt 0:08:09]} 12. Bb2 {[%emt 0:00:45]} Qd6 {[%emt 0:02:00]} 13. Rc1 {[%emt 0:05:03]} Bd7 {[%emt 0:06:12]} 14. Bb1 {[%emt 0:14:56]} Rad8 {[%emt 0:04:10]} 15. Nxd5 {[%emt 0:13:22]} Ne4 {[%emt 0:12:27]} 16. Bxe4 {[%emt 0:07:09]} Rxe4 {[%emt 0:00:27]} 17. Ng5 {[%emt 0:05:29]} Rh4 {[%emt 0:03:19]} 18. Qf3 {[%emt 0:01:07]} Be8 19. Rxc5 {[%emt 0:07:28]} Qxc5 {[%emt 0:14:07]} 20. Nf6+ {[%emt 0:00:16]} Kh8 {[%emt 0:02:13]} 21. Nxe8 {[%emt 0:01:25]} Rxe8 {[%emt 0:06:50]} 22. Bxg7+ {[%emt 0:03:45]} Kxg7 {[%emt 0:00:02]} 23. Qxf7+ {[%emt 0:00:06]} Kh6 {[%emt 0:00:22]} 24. Qf6+ {[%emt 0:00:02]} Kh5 {[%emt 0:00:08]} 25. Nf7 {[%emt 0:00:31]} 1-0

[Event "V. Korchnoy Memorial 2018"]
[Site "St. Petersburg"]
[Date "2018.08.20"]
[Round "6"]
[White "Gagare, Shardul"]
[Black "Stupak, Kirill"]
[Result "1/2-1/2"]
[WhiteElo "2490"]
[BlackElo "2573"]
[Annotator "RC"]
[PlyCount "205"]
[EventDate "2018.08.15"]
[EventType "swiss"]
[EventCountry "RUS"]
[SourceTitle "playchess.com"]
[Source "ChessBase"]
[SourceQuality "1"]
[TimeControl "5400+30"]

1. d4 {[%emt 0:01:56]} g6 {[%emt 0:09:10]} 2. c4 {[%emt 0:00:39]} Bg7 {[%emt 0:00:02]} 3. Nc3 {[%emt 0:00:12]} e6 {[%emt 0:00:05]} 4. Nf3 {[%emt 0:02:17]} Ne7 {[%emt 0:00:28]} 5. h4 {[%emt 0:01:07]} h6 {[%emt 0:00:21]} 6. e4 {[%emt 0:02:29]} d5 {[%emt 0:00:01]} 7. e5 {[%emt 0:00:07]} Nbc6 {[%emt 0:02:37]} 8. Bf4 {[%emt 0:17:17]} b6 {[%emt 0:10:31]} 9. Qc2 {[%emt 0:19:51]} Qd7 {[%emt 0:15:37]} 10. a3 {[%emt 0:04:37]} Bb7 {[%emt 0:01:20]} 11. O-O-O {[%emt 0:06:27]} O-O-O {[%emt 0:09:13]} 12. b4 {[%emt 0:04:00]} dxc4 {[%emt 0:01:30]} 13. Bxc4 {[%emt 0:00:12]} Nd5 {[%emt 0:03:52]} 14. Nxd5 {[%emt 0:05:22]} exd5 {[%emt 0:00:04]} 15. Bb5 {[%emt 0:00:47]} a6 {[%emt 0:10:15]} 16. Bd3 {[%emt 0:00:22]} Kb8 {[%emt 0:01:28]} 17. Kb2 {[%emt 0:04:17]} Rde8 {[%emt 0:01:15]} 18. Be3 {[%emt 0:08:59]} Nd8 {[%emt 0:05:17]} 19. Nd2 {[%emt 0:01:36]} Ne6 {[%emt 0:00:19]} 20. Nb3 {[%emt 0:03:09]} g5 {[%emt 0:06:31]} 21. hxg5 {[%emt 0:00:37]} hxg5 {[%emt 0:00:06]} 22. Bf5 {[%emt 0:02:43]} f6 {[%emt 0:02:32]} 23. Rxh8 {[%emt 0:03:24]} Rxh8 {[%emt 0:01:32]} 24. Rc1 {[%emt 0:01:26]} Re8 {[%emt 0:00:17]} 25. exf6 {[%emt 0:01:08]} Bxf6 {[%emt 0:00:01]} 26. Rh1 {[%emt 0:00:21]} Qd6 {[%emt 0:02:00]} 27. Ka2 {[%emt 0:03:11]} Bc8 {[%emt 0:01:50]} 28. Rh6 {[%emt 0:00:58]} Qf8 {[%emt 0:00:59]} 29. Rh7 {[%emt 0:01:31]} Qd6 {[%emt 0:04:10]} 30. Rh6 {[%emt 0:02:02]} Rf8 {[%emt 0:00:01]} 31. g4 {[%emt 0:00:42]} Kb7 {[%emt 0:01:29]} 32. Qb1 {[%emt 0:01:39]} Ka7 {[%emt 0:00:55]} 33. Qc1 {[%emt 0:00:23]} Bd7 {[%emt 0:01:08]} 34. Rh7 {[%emt 0:00:12]} Kb8 {[%emt 0:00:50]} 35. f3 {[%emt 0:00:13]} Bc8 {[%emt 0:04:47]} 36. Bxe6 {[%emt 0:01:14]} Bxe6 {[%emt 0:00:02]} 37. Bg1 {[%emt 0:00:11]} Rf7 {[%emt 0:02:57]} 38. Bh2 {[%emt 0:00:05]} Qe7 {[%emt 0:00:18]} 39. Rxf7 {[%emt 0:01:03]} Bxf7 {[%emt 0:00:02]} 40. Qd2 {[%emt 0:00:39]} Be8 {[%emt 0:00:43]} 41. Qb2 {[%emt 0:00:33]} Bb5 {[%emt 0:00:34]} 42. Be5 {[%emt 0:00:18]} Qf7 {[%emt 0:00:46]} 43. Nd2 {[%emt 0:00:26]} Bxe5 {[%emt 0:01:25]} 44. dxe5 {[%emt 0:00:02]} d4+ {[%emt 0:00:00]} 45. Ka1 {[%emt 0:00:01]} Qf4 {[%emt 0:01:26]} 46. e6 {[%emt 0:00:58]} Qe3 {[%emt 0:00:01]} 47. e7 {[%emt 0:00:41]} Kc8 {[%emt 0:00:40]} 48. Ne4 {[%emt 0:00:05]} Qxf3 {[%emt 0:01:58]} 49. Nxg5 {[%emt 0:00:42]} Qxg4 {[%emt 0:00:30]} 50. Qd2 {[%emt 0:01:16]} Kd7 {[%emt 0:00:30]} 51. Qe1 {[%emt 0:00:21]} Be2 {[%emt 0:00:22]} 52. Qc1 {[%emt 0:00:36]} d3 {[%emt 0:00:40]} 53. Qe3 {[%emt 0:00:16]} Ke8 {[%emt 0:00:16]} 54. Ne6 {[%emt 0:00:43]} Kxe7 {[%emt 0:00:27]} 55. Nf4+ {[%emt 0:00:14]} Kd7 {[%emt 0:00:41]} 56. Nxd3 {[%emt 0:00:05]} Kc8 {[%emt 0:00:33]} 57. Ne5 {[%emt 0:00:05]} Qg2 {[%emt 0:00:18]} 58. Qd4 {[%emt 0:00:57]} Kb7 {[%emt 0:00:08]} 59. a4 {[%emt 0:00:25]} Bf1 {[%emt 0:00:54]} 60. a5 {[%emt 0:00:25]} bxa5 {[%emt 0:00:24]} 61. bxa5 {[%emt 0:00:05]} Bb5 {[%emt 0:00:01]} 62. Qc3 {[%emt 0:00:57]} Qd5 {[%emt 0:00:02]} 63. Qf3 {[%emt 0:00:22]} Qxf3 {[%emt 0:00:42]} 64. Nxf3 {[%emt 0:00:01]} Kc6 {[%emt 0:00:16]} 65. Kb2 {[%emt 0:00:04]} Kc5 {[%emt 0:00:38]} 66. Kc3 {[%emt 0:00:09]} Bc6 {[%emt 0:00:02]} 67. Ne5 {[%emt 0:01:27]} Be4 {[%emt 0:01:22]} 68. Nc4 {[%emt 0:01:46]} Bf5 {[%emt 0:01:12]} 69. Nb6 {[%emt 0:00:31]} Be4 {[%emt 0:00:34]} 70. Nc4 {[%emt 0:00:12]} Bb7 {[%emt 0:00:14]} 71. Ne5 {[%emt 0:00:48]} Bd5 {[%emt 0:00:37]} 72. Nd7+ {[%emt 0:00:27]} Kb5 {[%emt 0:00:37]} 73. Nb6 {[%emt 0:00:10]} Bc6 {[%emt 0:00:30]} 74. Nc4 {[%emt 0:00:17]} Bb7 {[%emt 0:00:04]} 75. Ne5 {[%emt 0:00:25]} Kxa5 {[%emt 0:00:18]} 76. Kc4 {[%emt 0:00:02]} Kb6 {[%emt 0:00:19]} 77. Nd7+ {[%emt 0:00:23]} Kc6 {[%emt 0:00:28]} 78. Nf6 {[%emt 0:00:06]} Kb6 {[%emt 0:01:00]} 79. Nd7+ {[%emt 0:00:02]} Ka5 {[%emt 0:00:07]} 80. Nf6 {[%emt 0:01:04]} Bf3 {[%emt 0:01:07]} 81. Ne8 {[%emt 0:00:05]} c6 {[%emt 0:00:01]} 82. Kc5 {[%emt 0:01:58]} Ka4 {[%emt 0:00:30]} 83. Nd6 {[%emt 0:00:14]} Bd5 {[%emt 0:00:56]} 84. Nb7 {[%emt 0:00:10]} a5 {[%emt 0:00:01]} 85. Kb6 {[%emt 0:01:18]} Kb4 {[%emt 0:00:01]} 86. Nxa5 {[%emt 0:00:06]} c5 {[%emt 0:00:02]} 87. Ka6 {[%emt 0:00:07]} Bc4+ {[%emt 0:00:29]} 88. Kb6 {[%emt 0:00:04]} Bb5 {[%emt 0:00:01]} 89. Nb3 {[%emt 0:00:53]} c4 {[%emt 0:00:02]} 90. Nd4 {[%emt 0:00:20]} Ba4 {[%emt 0:00:52]} 91. Nf5 {[%emt 0:00:19]} c3 {[%emt 0:02:36]} 92. Ne3 {[%emt 0:00:05]} Bb3 {[%emt 0:00:32]} 93. Kc6 {[%emt 0:00:01]} Bg8 {[%emt 0:00:35]} 94. Kb6 {[%emt 0:00:09]} Bf7 {[%emt 0:00:24]} 95. Kc6 {[%emt 0:00:05]} Bc4 {[%emt 0:00:25]} 96. Nc2+ {[%emt 0:00:44]} Kb3 {[%emt 0:00:36]} 97. Ne3 {[%emt 0:00:01]} Be2 {[%emt 0:00:31]} 98. Kc5 {[%emt 0:00:01]} Kb2 {[%emt 0:00:33]} 99. Kd4 {[%emt 0:00:02]} Bh5 {[%emt 0:00:31]} 100. Nd5 {[%emt 0:00:10]} c2 {[%emt 0:00:30]} 101. Nb4 {[%emt 0:00:02]} c1=N {[%emt 0:00:19]} 102. Nd3+ {[%emt 0:00:07]} Nxd3 {[%emt 0:00:06]} 103. Kxd3 {[%emt 0:00:01]} 1/2-1/2

[Event "V. Korchnoy Memorial 2018"]
[Site "St. Petersburg"]
[Date "2018.08.20"]
[Round "6"]
[White "Belyakov, Bogdan"]
[Black "Zvjaginsev, Vadim"]
[Result "0-1"]
[WhiteElo "2471"]
[BlackElo "2643"]
[Annotator "TA"]
[PlyCount "130"]
[EventDate "2018.08.15"]
[EventType "swiss"]
[EventCountry "RUS"]
[SourceTitle "playchess.com"]
[Source "ChessBase"]
[SourceQuality "1"]

{[%evp 19,130,32,43,16,16,10,14,27,12,12,33,14,14,14,25,19,45,13,21,0,0,0,0,0,0,0,1,1,1,0,1,0,1,1,1,1,1,2,31,31,31,31,31,14,19,0,33,0,0,0,0,-26,-8,-16,-28,-219,-11,-54,0,-237,-222,-227,-216,-234,-236,-302,-300,-285,-285,-286,-286,-285,-303,-702,-701,-648,-638,-770,-760,-833,0,-670,0,-846,-844,-798,-798,-836,-812,-12825,-1379,-1104,-956,-956,-948,-905,-878,-1473,-781,-12838,-1085,-1264,-1343,-5412,-5821,-1406,-1401,-12843,-12843,-12847,-12847,-29995,-29996]} 1. e4 c5 2. Nf3 g6 3. d4 Bg7 4. Nc3 cxd4 5. Nxd4 Nc6 6. Be3 Nf6 7. Bc4 d6 8. f3 Bd7 9. Qd2 Rc8 10. Bb3 Na5 {LiveBook: 4 Games} 11. Bh6 {B75: Sicilian Dragon: Yugoslav Attack, Miscellaneous} (11. O-O-O a6 12. Kb1 b5 13. g4 Nc4 14. Bxc4 Rxc4 15. h4 b4 16. Nce2 a5 17. Ng3 h5 18. g5 Nh7 {0-1 (45) Ter Sahakyan,S (2504)-Zhou,Y (2291) Akhisar Manisa 2009}) 11... Bxh6 12. Qxh6 e5 $146 ({Predecessor:} 12... Nc4 13. O-O-O Qa5 14. Nd5 Nxd5 15. exd5 Qxd5 16. Rhe1 Qh5 17. Qg7 Qg5+ 18. Kb1 Rf8 19. Bxc4 Rxc4 {0-1 (26) Bacon,N (2270)-Laurent,J (2316) France 2008}) 13. Nde2 $1 {The position is equal.} b5 $1 14. a3 Nxb3 15. cxb3 Be6 16. b4 Qb6 17. Rd1 a6 18. Rd2 Ke7 19. Qh4 h6 20. Rf1 g5 21. Qf2 Qxf2+ 22. Kxf2 Rhd8 23. Rfd1 Bb3 24. Re1 Be6 25. Red1 h5 26. Ng3 h4 27. Nf1 g4 28. Ne3 h3 29. g3 gxf3 30. Kxf3 Bb3 31. Re1 Ke6 32. Nf5 Nh7 33. Kg4 f6 34. Kxh3 {Black must now prevent g4.} d5 {...Ng5+ is the strong threat.} 35. g4 Ng5+ 36. Kg3 d4 37. Nd5 $2 {[#]} (37. Nb1 $1 $11 {and White has nothing to worry.}) 37... Bc2 $2 ({Black should try} 37... Rc2 $1 $19 {[%cal Rc2d2]} 38. Rxc2 Bxc2) 38. Nc3 $1 $11 Bb3 $2 (38... Rxc3+ $1 $15 39. bxc3 Nxe4+ 40. Rxe4 Bxe4) 39. Nd5 $19 {[#]} Rc2 $1 {[%cal Rc2d2]} 40. Rd3 Rxb2 {Hoping for ...Bc2.} 41. h4 Bc4 42. Rxd4 exd4 43. Nxd4+ Kf7 44. hxg5 Bxd5 45. exd5 Rxd5 {[%mdl 4096] Endgame KRR-KRN} 46. Rd1 $2 (46. Nf3 fxg5 47. Re3) 46... fxg5 47. Kf3 Kf6 48. Rd3 Rb1 49. Ke2 Rb2+ 50. Kf3 $1 Rb1 51. Ke2 $1 Rg1 52. Rf3+ Ke5 53. Nf5 Rg2+ 54. Ke3 Rxg4 (54... Rgd2 $142 55. Nd4 R5xd4 56. Rf5+ Ke6) 55. Ne7 Re4+ 56. Kf2 Rd2+ 57. Kg3 Rde2 58. Nc6+ Ke6 59. Nb8 g4 (59... R2e3 $142 60. Nxa6 Rxf3+ 61. Kxf3 Rc4) 60. Rf8 R2e3+ 61. Kh4 g3+ {[%cal Bg4g3,Bg3g2][%mdl 32]} 62. Kh3 Rxa3 63. Rg8 Rxb4 64. Rg6+ Kf7 65. Rb6 {[#]} g2+ $1 {Precision: White = 47%, Black = 67%.} 0-1

[Event "V. Korchnoy Memorial 2018"]
[Site "St. Petersburg"]
[Date "2018.08.20"]
[Round "6"]
[White "Kozionov, Kirill"]
[Black "Fedorov, Alexei"]
[Result "0-1"]
[WhiteElo "2461"]
[BlackElo "2561"]
[Annotator "TA"]
[PlyCount "84"]
[EventDate "2018.08.15"]
[EventType "swiss"]
[EventCountry "RUS"]
[SourceTitle "playchess.com"]
[Source "ChessBase"]
[SourceQuality "1"]

{[%evp 29,84,45,50,47,41,56,49,56,50,-19,-39,-26,-37,-47,6,-63,7,-138,-30,-33,-38,-34,-38,-32,-28,-30,-25,-37,-16,-13,0,0,0,0,0,-248,-183,-203,-218,-291,-286,-280,-264,-538,-525,-525,-517,-627,-619,-676,-639,-861,-849,-1391,-1050,-1607,-1220]} 1. d4 Nf6 2. c4 g6 3. Nc3 Bg7 4. e4 d6 5. h3 O-O 6. Be3 Nbd7 7. Nf3 e5 8. d5 Nc5 9. Nd2 a5 10. g4 c6 11. Be2 Bd7 12. h4 {E92: King's Indian: Classical: 6 Be2 e5: 7 dxe5, 7 Be3 and Petrosian System without 7...Nbd7} a4 (12... cxd5 13. cxd5 Rc8 14. g5 Nh5 15. Bxc5 Rxc5 16. Bxh5 gxh5 17. Qxh5 b5 18. a4 bxa4 19. Qd1 Qc7 20. Nxa4 {0-1 (45) Grischuk,A (2751)-Naiditsch,A (2686) Novi Sad 2016 CBM 176 [Szabo,Kr]}) 13. a3 Qa5 14. Kf1 cxd5 15. cxd5 b5 {LiveBook: 3 Games} 16. h5 b4 17. Nc4 $1 {[%cal Rc4a5]} Qc7 18. axb4 Nb3 $146 ({Predecessor:} 18... Ncxe4 19. Nb6 Nxc3 20. bxc3 Qxc3 {1-0 (29) Tomazini,A (2304)-Schreiner,T (2140) Iasi 2011}) 19. Ra3 (19. h6 $14 Bh8 20. Bb6) 19... Bxg4 $1 $11 20. Nb6 Bxe2+ 21. Qxe2 Rab8 ({Black should try} 21... Rae8 $15) 22. h6 (22. Nb5 $1 $11 Qe7 23. h6 (23. Nxa4 Nd4 $14)) 22... Bh8 ({Black should play} 22... Nd4 $1 $15 23. Bxd4 (23. hxg7 Nxe2 24. gxf8=R+ Kxf8 $17) 23... exd4 24. hxg7 Rfe8 25. Ncxa4 Nxe4) 23. Qc4 {[#]} ({But not} 23. Ncxa4 Nd4 $17) (23. Nb5 $11 {was the only way to keep the balance.} Qe7 24. Nxa4) 23... Qxb6 $1 {[%mdl 512]} 24. Rxb3 $1 (24. Bxb6 Nd2+) 24... Qb7 25. Nxa4 {[#]} Nxe4 $1 {[%mdl 512]} 26. Qxe4 {Strongly threatening Nc3.} Qb5+ 27. Kg2 {Nc3 is the strong threat.} Qxa4 28. Ra3 Qb5 {Hoping for ...f5.} 29. Rc1 f5 $36 {[%mdl 2048] White is under pressure.} 30. Qc4 f4 (30... Qxb4 31. Ra7 $17) 31. Ba7 Rb7 {And now ...Qd7 would win.} 32. f3 $2 (32. Qc6 $11 {and White stays safe.}) 32... Qxb4 33. Qxb4 Rxb4 34. Rc2 e4 35. fxe4 Bxb2 ({Much less strong is} 35... Rxe4 36. Rb3 $19) 36. Rd3 $2 (36. Rf3 {was the only defense.}) 36... g5 $19 {Black is clearly winning.} 37. Kf3 Kf7 38. Bf2 Be5 39. Rc6 Ra4 40. Rb3 Kg6 41. Bc5 Rf6 42. Bf2 Kh5 {Precision: White = 36%, Black = 63%.} 0-1